000 01000nam a2200253 a 4500
001 25944
003 CO-ViMGA
005 20230915232140.0
008 141112s2004 ck r 000 u spa d
020 _a8427714122
040 _aCO-ViMGA
_bspa
_cCO-ViMGA
041 _aspa
082 0 4 _a370.117 R32
245 1 0 _aRecursos para una educación global :
_b{es posible otro mundo? /
_cCarmen Llopis (coord.) ; Carmen Bueso, María Chamorro, Alvaro García ; dibujos Paula Canha y Fátima Ramos.
260 _aMadrid :
_bNarcea de Ediciones :
_bIntered,
_c2003.
300 _a204 p. : il. ; 24 cm.
490 _aEducación hoy. Estudios
504 _aIncluye bibliografía.
650 1 4 _aEducación multicultural.
_940484
700 1 _aLlopis, Carmen, coord.
_940485
852 _7.565 empaste.
942 _2ddc
_cBK
949 _an n
999 _c33181
_d33181